LEADER 00938nam0-22003131i-450- 001 990000473560403321 005 20070420120259.0 010 $a0-278-00057-6 035 $a000047356 035 $aFED01000047356 035 $a(Aleph)000047356FED01 035 $a000047356 100 $a20020821d1988----km-y0itay50------ba 101 0 $aeng 105 $aa-------001yy 200 1 $a<>science and engineering of materials$fDonald R. Askeland$gSI edition prepred by Jane Randall, Maurice Denton 205 $aSI Ed. 210 $aLondon$cVan Nostrand reinhold$dc1988 215 $a747 p.$cill.$d23 cm 610 0 $aScienza dei materiali 676 $a620.11$v20 700 1$aAskeland,$bDonald R.$0149619 801 0$aIT$bUNINA$gRICA$2UNIMARC 901 $aBK 912 $a990000473560403321 952 $a10 B I 399$bL/2 CNR$fDINEL 959 $aDINEL 996 $aScience and engineering of materials$9192694 997 $aUNINA LEADER 01024nam0-22003731i-450- 001 990003286740403321 005 20101020140257.0 035 $a000328674 035 $aFED01000328674 035 $a(Aleph)000328674FED01 035 $a000328674 100 $a20030910d1924----km-y0itay50------ba 101 0 $aita 102 $aIT 105 $aa-------001yy 200 1 $aEcuador$eCondizioni Naturali ed Economiche 210 $aRoma$cFratelli Treves$d[1924] 215 $a158 p., [14] c.$cill.$d24 cm 225 1 $aPubblicazioni dell'Istituto Cristoforo Colombo 610 0 $aComunicazioni; Industria 610 0 $aEcuador 676 $a021.042 700 1$aRiccardi,$bRiccardo$f<1897-1981>$0309536 801 0$aIT$bUNINA$gRICA$2UNIMARC 901 $aBK 912 $a990003286740403321 952 $aXV L 105$b16474$fFGBC 952 $a021.042.RIC$b2653$fDECGE 952 $aK-05-013$bIst. 1948$fILFGE 959 $aDECGE 959 $aILFGE 959 $aFGBC 996 $aEcuador$9445869 997 $aUNINA